000 00586nam a2200193 i 4500
001 128154
003 ES-MaACL
005 20230906193158.0
007 t|
008 070622s1967 sp ||||1| spa d
080 _a8.09"19"
100 1 _aLasso de la Vega, José S.
_970475
245 1 0 _aHelenismo y literatura contemporánea /
_cJosé S. Lasso de la Vega.
260 _a[Madrid] :
_bPrensa Española,
_c1967.
300 _a324 p. ;
_c18 cm.
650 4 _aLiteratura-
_yS.XX-
_xHistoria y crítica.
_9139829
650 1 4 _aHelenismo.
_913298
852 _aES-MaACL
_jC-33228
_bR.63404
999 _c128154
_d128154